000 00498nam a2200169 i 4500
001 94226
003 ES-MaACL
005 20230906181430.0
007 t|
008 050722s1967 sp ||||1| spa d
100 1 _aRaspe, Rudolf Erich.
_995502
245 1 0 _aAventuras del Baron de Munchausen /
_cRodolfo Erico Raspe ; ilustra E. Martín.
260 _aBarcelona :
_bMarte,
_c[1967]
300 _a182 p. :
_bil. ;
_c20 cm.
700 1 _aMartín, E.
_977283
852 _aES-MaACL
_jC-34129
_bR.64719
999 _c94226
_d94226